ბათუმის შოთა რუსთაველის სახელმწიფო უნივერსიტეტის ბიბლიოთეკა

Special care dentistry / (ბიბ.ჩანაწერი № 63299)

000 -LEADER
fixed length control field 00716nam a22002057a 4500
005 - DATE AND TIME OF LATEST TRANSACTION
control field 20250730123608.0
008 - FIXED-LENGTH DATA ELEMENTS--GENERAL INFORMATION
fixed length control field 250730s2016 en ||||| |||| 00| 0 eng d
020 ## - INTERNATIONAL STANDARD BOOK NUMBER
International Standard Book Number 9780323448437 X
041 ## - LANGUAGE CODE
Language code of text/sound track or separate title eng
080 ## - UNIVERSAL DECIMAL CLASSIFICATION NUMBER
Universal Decimal Classification number 616.31 S-78
245 ## - TITLE STATEMENT
Title Special care dentistry /
Statement of responsibility, etc. Editor : Burton S. Wasserman
264 ## - PRODUCTION, PUBLICATION, DISTRIBUTION, MANUFACTURE, AND COPYRIGHT NOTICE
Place of production, publication, distribution, manufacture Philadelphia :
Name of producer, publisher, distributor, manufacturer Elsevier,
Date of production, publication, distribution, manufacture, or copyright notice 2016.
300 ## - PHYSICAL DESCRIPTION
Extent xii, pages 551-763 :
Other physical details illustrations (some color) ;
Dimensions 24 cm.
440 ## - SERIES STATEMENT/ADDED ENTRY--TITLE
Title Dental clinics of North America, v.60, no.3
9 (RLIN) 25705
653 ## - INDEX TERM--UNCONTROLLED
keyword Dental Care, Dentisterie,
653 ## - INDEX TERM--UNCONTROLLED
keyword მედიცინა
653 ## - INDEX TERM--UNCONTROLLED
keyword სტომატოლოგია
700 ## - ADDED ENTRY--PERSONAL NAME
Personal name Wasserman, Burton S
Relator term რედაქტორი
9 (RLIN) 25706
942 ## - ADDED ENTRY ELEMENTS (KOHA)
Source of classification or shelving scheme
Koha item type წიგნი
ეგზემპლარები
Withdrawn status Lost status Source of classification or shelving scheme Damaged status Not for loan Permanent Location Current Location Shelving location Date acquired Cost, normal purchase price Full call number Barcode Date last seen Copy number Price effective from Koha item type Public note
          ბათუმის შოთა რუსთაველის სახელმწიფო უნივერსიტეტის მთავარი ბიბლიოთეკა ბათუმის შოთა რუსთაველის სახელმწიფო უნივერსიტეტის მთავარი ბიბლიოთეკა წიგნსაცავი 2025-07-30 231.00 616.31 S-78 72199 2025-07-30 72199 2025-07-30 წიგნი 231.00